000 01663nam a22001577a 4500
999 _c528003
_d528003
008 241104b ||||| |||| 00| 0 eng d
100 _aRavipati, Nikhil
_959243
245 _aIndian farmers’ struggle 2020–2021: Contemporary agrarian questions and challenges for a Marxian political ecology of agriculture
260 _aSociological Bulletin
300 _a73(3), Jul, 2024: p.278-298
520 _aThis essay draws from critical agrarian studies and the history of farmer’s movements in India in order to shed light on a central problem that the Marxian political ecology of agriculture must confront: how can we develop an ecologically adequate approach to agrarian questions without falling into populism? Or, put differently, how can we reformulate the intuitions of food sovereignty movements through the perspective of the ‘global worker’, thus revealing the ‘unity of the diverse’? It does so by reflecting on debates surrounding the meaning of the agrarian questions in the 21st century, responses to the farmers’ struggle against the so-called new farm laws, and the crisis confronting capitalist world-ecology in the neoliberal era. In particular, the essay thinks through the Bernstein–McMichael debate in the context of the recent farmers’ struggle. It concludes by posing some problems that the Marxian political ecology must confront today.- Reproduced https://journals.sagepub.com/doi/full/10.1177/00380229241257617
650 _aFarmers moment in India, Agrarian questions, Populism, Political ecology, Political economy.
_948497
773 _aSociological Bulletin
906 _aINDIA - HISTORY
942 _cAR